BIBLIOTECA PODER JUDICIAL
Portal Judicial TDF

Desregulación, automatismo y riesgo institucional. Crítica a las nuevas disposiciones sobre control de armas en la Argentina / (Registro nro. 5615)

000 -LEADER
fixed length control field 01549nab a22002417a 4500
003 - CONTROL NUMBER IDENTIFIER
control field OSt
005 - DATE AND TIME OF LATEST TRANSACTION
control field 20251222120353.0
008 - FIXED-LENGTH DATA ELEMENTS--GENERAL INFORMATION
fixed length control field 190429b xxu||||| |||| 00| 0 spa d
040 ## - CATALOGING SOURCE
Transcribing agency PJ
100 ## - MAIN ENTRY--PERSONAL NAME
9 (RLIN) 4533
Personal name González Da Silva, Gabriel
245 10 - TITLE STATEMENT
Title Desregulación, automatismo y riesgo institucional. Crítica a las nuevas disposiciones sobre control de armas en la Argentina /
Statement of responsibility, etc Gabriel González Da Silva, Paulina Gómez.
260 ## - PUBLICATION, DISTRIBUTION, ETC. (IMPRINT)
Date of publication, distribution, etc Ciudad Autónoma de Buenos Aires :
Place of publication, distribution, etc Thomson Reuters La Ley,
Name of publisher, distributor, etc 2025.
300 ## - PHYSICAL DESCRIPTION
Extent p. 204-209
500 ## - GENERAL NOTE
General note Cita: TR LALEY AR/DOC/1625/2025.
505 ## - FORMATTED CONTENTS NOTE
Formatted contents note Sumario: I. Presentación del problema.— II. La res. ANMaC 49/2025 que permite contar con habilitación del Estado Nacional para comercializar, fabricar y reparar armas, entre otras actividades, a nivel local de los municipios, antes de contar con su permiso.— III. La res. ANMaC 45/2025 y la insuficiencia de los mecanismos de control en el trámite express de las habilitaciones.— IV. Palabras finales.
505 ## - FORMATTED CONTENTS NOTE
Formatted contents note Fallo comentado: TOral Crim. Fed., Mar del Plata ~ 12/06/2024 ~ S., M. L. y otros s/ infracción art. 303 inc. 1° del Cód. Penal.
505 ## - FORMATTED CONTENTS NOTE
Title Si te interesa el texto completo, solicitalo a koha@justierradelfuego.gov.ar
650 #0 - SUBJECT ADDED ENTRY--TOPICAL TERM
9 (RLIN) 343
Topical term or geographic name as entry element DERECHO PENAL
650 #0 - SUBJECT ADDED ENTRY--TOPICAL TERM
9 (RLIN) 2794
Topical term or geographic name as entry element ARMA DE FUEGO
700 ## - ADDED ENTRY--PERSONAL NAME
9 (RLIN) 6589
Personal name Gómez, Paulina
Función coautor
773 0# - HOST ITEM ENTRY
Host Biblionumber 2658
Host Itemnumber 3164
Title Revista de derecho penal y criminología. Nº 7 - Agosto 2025
Place, publisher, and date of publication Ciudad Autónoma de Buenos Aires : Thomson Reuters La Ley, 2017-
International Standard Serial Number 00347914
942 ## - ADDED ENTRY ELEMENTS (KOHA)
Source of classification or shelving scheme
Koha item type Analítica Artículo de Revista

No hay ítems disponibles.

12 de Octubre 789 Ushuaia - Tel:  54(02901)441571
Horario de Atención: 8.00 a 17.00 hs. 
bibliotecaush@justierradelfuego.gov.ar
koha@justierradelfuego.gov.ar
Seguinos en nuestras redes @bibliojustdf 

Con tecnología Koha